[Event "CAN-ch U20 1983-84"]
[Site "Saint John CAN"]
[Date "1984.01.06"]
[Round "10"]
[White "O'Donnell, Tom"]
[Black "Bolduc, Steve"]
[Result "1/2-1/2"]
[WhiteElo "2046"]
[BlackElo "2111"]
[PlyCount "63"]
[GameId "2160767912801869"]
[EventDate "1983.12.28"]
[EventType "tourn"]
[EventRounds "11"]
[EventCountry "CAN"]
[SourceTitle "CFC 1984.04"]

1. e4 e6 2. d4 c5 3. d5 d6 4. c4 Nf6 5. Nc3 exd5 6. exd5 g6 7. Bd3 Bg7 8. Nge2 O-O 9. O-O a6 10. a4 Re8 11. Ng3 Nbd7 12. f4 h6 13. Kh1 b6 14. Bd2 Ra7 15. Qf3 Nh7 16. Rae1 Ndf6 17. h3 Rae7 18. Qf2 Rxe1 19. Rxe1 Rxe1+ 20. Qxe1 Kf8 21. Kg1 Qe7 22. Kf1 Bd7 23. b3 Qxe1+ 24. Kxe1 a5 25. Kf2 Ke7 26. Kf3 Ne8 27. Nce2 f5 28. Nf1 Nhf6 29. Ne3 h5 30. Ng3 Ng8 31. Bc2 Nh6 32. Nef1 1/2-1/2

[Event "CAN-ch U20 1981"]
[Site "Vancouver CAN"]
[Date "1981.12.??"]
[Round "?"]
[White "O'Donnell, Tom"]
[Black "Johnson, Tyler"]
[Result "1-0"]
[WhiteElo "2012"]
[BlackElo "2006"]
[PlyCount "63"]
[GameId "2160767912848972"]
[EventDate "1981.12.21"]
[EventType "tourn"]
[EventRounds "11"]
[EventCountry "CAN"]
[SourceTitle "BCCR 2/1"]

1. e4 d6 2. d4 g6 3. c3 Bg7 4. f4 Nf6 5. Bd3 c6 6. Nf3 O-O 7. O-O Ne8 8. Be3 b5 9. Qe2 f5 10. e5 Nc7 11. Na3 d5 12. Nc2 a5 13. a4 Ba6 14. Ra2 bxa4 15. Rxa4 Bxd3 16. Qxd3 Nd7 17. Rfa1 Qb8 18. b4 axb4 19. Rxa8 Nxa8 20. Nxb4 Rc8 21. Qa6 Qc7 22. Qxc6 Qxc6 23. Nxc6 Rxc6 24. Rxa8+ Bf8 25. Bd2 Nb6 26. Ra6 h6 27. h4 Kf7 28. c4 dxc4 29. d5 Rc5 30. Rxb6 c3 31. Be3 c2 32. Rc6 1-0

[Event "CAN-ch U20 1981"]
[Site "Vancouver CAN"]
[Date "1981.12.29"]
[Round "9"]
[White "O'Donnell, Tom"]
[Black "Bolduc, Steve"]
[Result "1-0"]
[WhiteElo "2029"]
[BlackElo "2056"]
[PlyCount "65"]
[GameId "2160767912848983"]
[EventDate "1981.12.21"]
[EventType "tourn"]
[EventRounds "11"]
[EventCountry "CAN"]
[SourceTitle "hb 2011"]

1. e4 c6 2. d4 d5 3. Nc3 dxe4 4. Nxe4 Nd7 5. Nf3 Ngf6 6. Ng3 e6 7. Be3 Be7 8. Bd3 O-O 9. O-O Qc7 10. c3 c5 11. Qe2 b6 12. Rac1 Bb7 13. h3 Bd6 14. Qe1 Rad8 15. Ng5 e5 16. N5e4 Nxe4 17. Nxe4 Rfe8 18. f3 f5 19. Bc4+ Kf8 20. Ng5 Nf6 21. Ne6+ Rxe6 22. Bxe6 Re8 23. Bxf5 Ba6 24. dxc5 Bxc5 25. Bxc5+ Qxc5+ 26. Rf2 e4 27. fxe4 Kg8 28. h4 Qe5 29. Qd1 g6 30. Qa4 Bb5 31. Qxa7 gxf5 32. Rxf5 Qxe4 33. Rg5+ 1-0

[Event "CAN-ch U16"]
[Site "West Vancouver CAN"]
[Date "1981.02.??"]
[Round "3"]
[White "O'Donnell, Tom"]
[Black "Johnson, Damon"]
[Result "1-0"]
[WhiteElo "1876"]
[BlackElo "1651"]
[PlyCount "73"]
[GameId "2160767912845587"]
[EventDate "1981.02.14"]
[EventType "tourn"]
[EventCountry "CAN"]
[SourceTitle "BCCR 1/2"]

1. e4 e6 2. d4 d5 3. Nd2 dxe4 4. Nxe4 Nc6 5. Nf3 Be7 6. c3 Nf6 7. Bd3 Bd7 8. Bg5 Nxe4 9. Bxe7 Nxc3 10. Bxd8 Nxd1 11. Bxc7 Nxb2 12. Be2 Na4 13. O-O O-O 14. Rfc1 Rac8 15. Bg3 a6 16. Rab1 b5 17. Kf1 Rfd8 18. Bf4 f6 19. h4 Nb6 20. Be3 Ne7 21. Bd3 Bc6 22. Ke2 Bxf3+ 23. Kxf3 Nc6 24. Rd1 Na4 25. Rbc1 Nb2 26. Rd2 Nxd3 27. Rxd3 e5 28. d5 f5 29. Rdd1 Ne7 30. d6 Rxc1 31. Bxc1 Nc8 32. d7 Nb6 33. Rd6 Nxd7 34. Bg5 e4+ 35. Ke2 Rc8 36. Rxd7 Rc2+ 37. Rd2 1-0

[Event "CAN-ch U16"]
[Site "West Vancouver CAN"]
[Date "1981.02.??"]
[Round "5"]
[White "O'Donnell, Tom"]
[Black "Bailey, Doug"]
[Result "1-0"]
[WhiteElo "1876"]
[BlackElo "1897"]
[PlyCount "43"]
[GameId "2160767912845588"]
[EventDate "1981.02.14"]
[EventType "tourn"]
[EventCountry "CAN"]
[SourceTitle "BCCR 1/2"]

1. e4 c5 2. Nc3 Nc6 3. g3 e6 4. Bg2 Nge7 5. d3 d5 6. f4 d4 7. Nce2 e5 8. Nf3 f6 9. O-O Bd7 10. c3 Qc7 11. Bd2 Ng6 12. fxe5 fxe5 13. cxd4 cxd4 14. Rc1 Be7 15. Qb3 h6 16. Nfxd4 O-O-O 17. Ne6 Bxe6 18. Qxe6+ Qd7 19. Qxg6 Qxd3 20. Qg4+ Kb8 21. Bc3 h5 22. Qf3 1-0

[Event "CAN-ch U16"]
[Site "West Vancouver CAN"]
[Date "1981.02.??"]
[Round "8"]
[White "Lingo, Richard"]
[Black "O'Donnell, Tom"]
[Result "0-1"]
[WhiteElo "1714"]
[BlackElo "1876"]
[PlyCount "80"]
[GameId "2160767912845590"]
[EventDate "1981.02.14"]
[EventType "tourn"]
[EventCountry "CAN"]

1. g3 e5 2. Bg2 d5 3. Nf3 Nc6 4. O-O Nf6 5. c4 Bc5 6. cxd5 Nxd5 7. d3 O-O 8. a3 a6 9. Bd2 Kh8 10. Qc2 Bb6 11. Nc3 Be6 12. Rac1 Nxc3 13. Bxc3 f6 14. b4 Ne7 15. Bb2 Rc8 16. Qb1 c6 17. Qa1 Nf5 18. e4 Ne3 19. Rfd1 Nxd1 20. Rxd1 Bg4 21. h3 Bxf3 22. Bxf3 Qe7 23. Kg2 Rcd8 24. d4 Bxd4 25. Bxd4 exd4 26. Rxd4 Rd6 27. Rxd6 Qxd6 28. Qc1 b6 29. Qc4 a5 30. bxa5 bxa5 31. a4 c5 32. Qb5 Qc7 33. Bg4 c4 34. Qb2 c3 35. Qc2 Rd8 36. Bf3 Rd2 37. Qc1 Qc5 38. Qe1 Qxf2+ 39. Qxf2 Rxf2+ 40. Kxf2 c2 0-1